000
00250nam a2200085Ia 4500
245
0
_a
The unlikely secret agent
100
_a
Kasrils, Ronald Auckland Park, South Africa, 2010
_9
60969
942
_c
BK
008
210817s9999 xx 000 0 und d
999
_c
317389
_d
317388